[Event "AUTO-MASTER-1120"]
[Site "http://www.queenalice.com/game.php?id=777674"]
[Date "2010.5.19"]
[Round "1"]
[White "amarkin"]
[Black "jalvez"]
[Result "0-1"]
[WhiteElo "2116"]
[BlackElo "2087"]

1. d4 d5 2. c4 e6 3. Nc3 c6 4. cxd5 exd5 5. Bf4 Bd6 6. Bg3 Nf6 7. e3 O-O 8. Be2
Re8 9. Nf3 Bg4 10. Bh4 Nbd7 11. Nd2 Bxe2 12. Nxe2 Qb6 13. Qb3 Qxb3 14. Nxb3 Re4
15. Bxf6 Nxf6 16. Nc3 Re7 17. O-O Rae8 18. h3 Bb4 19. Nd2 Nd7 20. a3 Bd6 21. b4
Nb6 22. Rfb1 f5 23. a4 f4 24. exf4 Bxf4 25. Nf3 Nc4 26. Ra2 h6 27. g3 Bb8 28.
Kf1 Rf7 29. Kg2 Rfe7 30. Rc1 g5 31. Rcc2 Bd6 32. b5 Bb4 33. Ne2 a5 34. bxa6 bxa6
35. a5 Bxa5 36. Ne5 Nxe5 37. Rxa5 Nc4 38. Raa2 a5 39. g4 Rb8 40. Ng3 Re6 41. Nf5
Rb4 42. Ra1 a4 43. Rd1 a3 44. Ra1 Rb2 45. Rc3 Ree2 46. Rf3 a2 47. Ng3 Red2 48.
Re1 Nd6 49. Rf1 Rb1 50. Ra3 Rbb2 51. Ra4 Ne4 52. Nh1 Nc3 53. Ra8+ Kf7 54. Re1
Ne4 55. Ra4 Rb1 56. Rxa2 Rxa2 57. Rxb1 Ra4 58. Rb7+ Kf6 59. Rb6 Rc4 60. f3 Nd6
61. Ng3 Rc2+ 62. Kg1 Nb5 63. Nf5 h5 64. Ne3 Rc1+ 65. Kg2 hxg4 66. hxg4 Ke6 67.
Nf5 Nd6 68. Ne3 Rc3 69. Kf2 Rxe3 70. Kg3 Nc4 71. Rxc6+ Nd6 72. Rb6 Rc3 73. Rb1
Ne4+ 74. Kg2 Rc2+ 75. Kg1 Nd6 76. Re1+ Kf6 77. Re5 Nf7 78. Rxd5 Rd2 79. Rf5+ Ke6
80. Ra5 Rxd4 81. Kg2 Rd5 82. Ra3 Ne5 83. Ra6+ Rd6 84. Ra8 Kf7 85. Ra7+ Kf6 86.
Ra3 Ng6 87. Kg3 Nf4 88. Kf2 Rd2+ 89. Ke3 Re2+ 90. Kd4 Re6 91. Ra1 Rd6+ 92. Ke4
Rb6 93. Ra5 Rb4+ 94. Ke3 Rb3+ 95. Ke4 Rb6 96. Rf5+ Kg6 97. Ra5 Re6+ 98. Kd4 Ne2+
99. Kd3 Ng1 100. Rf5 Rf6 101. Rxf6+ Kxf6 102. Ke3 Nh3 103. Ke4 Nf4 104. Kd4 Ke6
105. Ke4 Nd5 106. Kd4 Nf6 107. Kd3 Ke5 108. Ke3 Nd5+ 109. Ke2 Kf4 110. Kf2 Nc3
111. Kg2 Nd1 112. Kh3 Kxf3 0-1

[Event "AUTO-MASTER-1120"]
[Site "http://www.queenalice.com/game.php?id=777675"]
[Date "2010.5.19"]
[Round "1"]
[White "jalvez"]
[Black "amarkin"]
[Result "1-0"]
[WhiteElo "2085"]
[BlackElo "2021"]

1. e4 c5 2. Nf3 e6 3. d4 cxd4 4. Nxd4 Nf6 5. Nc3 Bb4 6. Bd3 Qc7 7. O-O a6 8. Bd2
Bc5 9. Nb3 Be7 10. Re1 Nc6 11. Bg5 Ne5 12. Bf4 Bd6 13. Bg3 Ng6 14. Bxd6 Qxd6 15.
Qe2 Nf4 16. Qf3 Qe5 17. Bf1 h5 18. Nc1 Ng6 19. Nd3 Qg5 20. e5 Nh7 21. Ne4 Qe7
22. Nd6+ Kf8 23. Nxc8 Rxc8 24. Qxb7 Rxc2 25. Qa8+ Qe8 26. Qxa6 Qb8 27. Rec1 Rxc1
28. Rxc1 Ne7 29. Nc5 Ke8 30. Bb5 Nf8 31. Nb7 Nc6 32. Bxc6 dxc6 33. Nd6+ 1-0

[Event "AUTO-MASTER-1120"]
[Site "http://www.queenalice.com/game.php?id=777686"]
[Date "2010.5.19"]
[Round "1"]
[White "kookaburra"]
[Black "jalvez"]
[Result "1-0"]
[WhiteElo "2181"]
[BlackElo "2139"]

1. d4 d5 2. Nf3 Nf6 3. c4 e6 4. e3 c6 5. Nc3 Bd6 6. Bd3 O-O 7. O-O Re8 8. e4
dxe4 9. Nxe4 Nxe4 10. Bxe4 Nd7 11. Qc2 Nf6 12. Bg5 h6 13. Bh4 g5 14. Bg3 Nxe4
15. Qxe4 f5 16. Qd3 Bxg3 17. hxg3 Qf6 18. Rad1 Bd7 19. Qb3 Rab8 20. Rfe1 Kg7 21.
Ne5 Re7 22. Qa3 a6 23. Qd6 Rd8 24. Qc7 Qf8 25. Qxb7 Be8 26. Qxa6 1-0

[Event "AUTO-MASTER-1120"]
[Site "http://www.queenalice.com/game.php?id=777687"]
[Date "2010.5.19"]
[Round "1"]
[White "jalvez"]
[Black "kookaburra"]
[Result "0-1"]
[WhiteElo "2168"]
[BlackElo "2169"]

1. e4 c5 2. Nf3 Nc6 3. d4 cxd4 4. Nxd4 Nf6 5. Nc3 e5 6. Nxc6 bxc6 7. Bc4 Bb4 8.
f3 h6 9. Bd2 O-O 10. O-O d5 11. exd5 cxd5 12. Bb3 Bb7 13. Re1 Re8 14. Na4 Bd6
15. c3 e4 16. fxe4 Nxe4 17. Be3 Qh4 18. g3 Bxg3 19. hxg3 Qxg3+ 20. Kf1 Ba6+ 21.
c4 dxc4 22. Qe2 Re6 0-1

[Event "AUTO-MASTER-1120"]
[Site "http://www.queenalice.com/game.php?id=777692"]
[Date "2010.5.19"]
[Round "1"]
[White "razoman"]
[Black "jalvez"]
[Result "0-1"]
[WhiteElo "1932"]
[BlackElo "2113"]

1. e4 c5 2. Nf3 Nc6 3. d4 cxd4 4. Nxd4 Nf6 5. Nxc6 bxc6 6. Bd3 e5 7. O-O Be7 8.
Nc3 O-O 9. h3 d5 10. Bg5 d4 11. Ne2 Nd7 12. Bxe7 Qxe7 13. Ng3 Nb6 14. Nf5 Bxf5
15. exf5 Na4 16. Rb1 Nc5 17. Bc4 Nd7 18. Re1 Nb6 19. Bd3 f6 20. Re4 Qf7 21. b3
Rfb8 22. a4 Kf8 23. Rh4 h6 24. Be4 Rc8 25. Qf3 Nd5 26. Bxd5 cxd5 27. Rc1 Rc3 28.
Qe2 Rac8 29. Qd2 Qd7 30. Rh5 d3 31. Rxh6 gxh6 32. Qxh6+ Qg7 33. Qh4 d2 34. Rd1
Rxc2 35. Qb4+ Kg8 36. Rxd2 Rxd2 37. Qxd2 d4 38. b4 Rc3 39. Kh2 Qg5 40. Qa2+ Kg7
41. Qe6 Qf4+ 0-1

[Event "AUTO-MASTER-1120"]
[Site "http://www.queenalice.com/game.php?id=777693"]
[Date "2010.5.19"]
[Round "1"]
[White "jalvez"]
[Black "razoman"]
[Result "0-1"]
[WhiteElo "2120"]
[BlackElo "1923"]

1. e4 c5 2. Nf3 Nc6 3. d4 cxd4 4. Nxd4 a6 5. Nc3 d6 6. Be3 e5 7. Nb3 h6 8. Qd2
Nf6 9. f3 Be7 10. O-O-O Be6 11. Nd5 Bxd5 12. exd5 Nb8 13. g4 Nfd7 14. h4 Bxh4
15. Bd3 Bf6 16. g5 Bxg5 17. Bxg5 Qc7 18. Bh4 Nb6 19. Bf5 N8d7 20. Rdg1 Rg8 21.
Rg2 Nc4 22. Qd3 b5 23. Rhg1 g5 24. Bf2 Rc8 25. f4 exf4 26. Qe4+ Nce5 27. Bxd7+
Kxd7 28. Nd4 Qc4 29. Qf5+ Kc7 30. b3 Qxd5 31. Qh3 Kb7 32. Kb1 Rh8 33. Qf5 Rc7
34. Nxb5 axb5 35. Be1 Qd1+ 36. Kb2 Qd4+ 37. Kb1 Qd1+ 38. Kb2 f3 39. Rd2 f2 40.
Qxf2 Rxc2+ 41. Ka3 Ra8+ 42. Kb4 Rxd2 43. Bxd2 Nd3+ 44. Kxb5 Nxf2 45. Rxd1 Nxd1
0-1

[Event "AUTO-MASTER-1121"]
[Site "http://www.queenalice.com/game.php?id=778136"]
[Date "2010.5.19"]
[Round "1"]
[White "SirKnight"]
[Black "jalvez"]
[Result "1/2-1/2"]
[WhiteElo "2162"]
[BlackElo "2149"]

1. e4 c5 2. Nf3 Nc6 3. d4 cxd4 4. Nxd4 Nf6 5. Nc3 e6 6. Ndb5 Bb4 7. Nd6+ Ke7 8.
Nxc8+ Rxc8 9. Bd2 Re8 10. Bd3 Kf8 11. O-O Ne5 12. a3 Be7 13. h3 Nxd3 14. cxd3 d5
15. e5 Nd7 16. d4 Nb6 17. b3 a6 18. f4 Rc6 19. Qh5 Kg8 20. f5 exf5 21. Qxf5 Rf8
22. Rae1 f6 23. a4 fxe5 24. Qxe5 Rxf1+ 25. Rxf1 Bf6 26. Qe3 Qd7 27. a5 Nc8 28.
Nxd5 Re6 29. Nxf6+ gxf6 30. Qg3+ Qg7 31. Qxg7+ Kxg7 32. Rc1 Rc6 33. Rxc6 bxc6
34. Bb4 f5 35. g3 Kf6 36. Kf2 Na7 37. Bc5 Nb5 38. Ke3 Nc3 39. Kf3 Nd5 40. Bd6 h5
41. g4 fxg4+ 42. hxg4 hxg4+ 43. Kxg4 Ke6 44. Bc5 Nc7 45. Kf4 Nb5 46. Ke4 Nc7 47.
b4 1/2-1/2

[Event "AUTO-MASTER-1121"]
[Site "http://www.queenalice.com/game.php?id=778137"]
[Date "2010.5.19"]
[Round "1"]
[White "jalvez"]
[Black "SirKnight"]
[Result "1-0"]
[WhiteElo "2121"]
[BlackElo "2168"]

1. e4 e5 2. Nf3 Nc6 3. Bc4 Nf6 4. O-O Nxe4 5. Bd5 Nf6 6. Bxc6 dxc6 7. Nxe5 Bd6
8. Nf3 O-O 9. d3 Re8 10. Bg5 Bg4 11. Nbd2 h6 12. Bh4 Bf4 13. Ne4 g5 14. Nxf6+
Qxf6 15. Bg3 Re7 16. Re1 Rxe1+ 17. Qxe1 Bxf3 18. gxf3 Kf8 19. Qb4+ Bd6 20. Qxb7
Re8 21. Qxc6 Qxb2 22. Bxd6+ cxd6 23. Qxd6+ Kg7 24. Rf1 Qxc2 25. Qd4+ Kg8 26. a4
Re2 27. a5 Qc7 28. Ra1 Rd2 29. Re1 Qxa5 30. Re8+ Kh7 31. Qh8+ Kg6 32. Rg8+ Kh5
33. Qh7 Qa1+ 34. Kg2 Rd1 35. Qxf7+ Kh4 36. Qc4+ 1-0

[Event "AUTO-MASTER-1121"]
[Site "http://www.queenalice.com/game.php?id=778150"]
[Date "2010.5.19"]
[Round "1"]
[White "Pcchess"]
[Black "jalvez"]
[Result "0-1"]
[WhiteElo "2103"]
[BlackElo "2109"]

1. e4 c5 2. Nc3 e5 3. d3 d6 4. g3 h6 5. Bg2 Nf6 6. f4 Nc6 7. Nf3 exf4 8. Bxf4
Be7 9. O-O a6 10. Qd2 O-O 11. h3 Nh5 0-1

[Event "AUTO-MASTER-1121"]
[Site "http://www.queenalice.com/game.php?id=778151"]
[Date "2010.5.19"]
[Round "1"]
[White "jalvez"]
[Black "Pcchess"]
[Result "1-0"]
[WhiteElo "2095"]
[BlackElo "2116"]

1. e4 c5 2. Nf3 Nc6 3. d4 cxd4 4. Nxd4 Nf6 5. Nc3 e5 6. Nb3 Bb4 7. Bd3 d5 8.
exd5 Nxd5 9. Bd2 Nxc3 10. bxc3 Bd6 11. O-O O-O 12. Re1 1-0

[Event "AUTO-MASTER-1121"]
[Site "http://www.queenalice.com/game.php?id=778160"]
[Date "2010.5.19"]
[Round "1"]
[White "jalvez"]
[Black "BEBADO"]
[Result "0-1"]
[WhiteElo "2133"]
[BlackElo "2178"]

1. e4 e6 2. d4 d5 3. exd5 exd5 4. c4 Nf6 5. Nc3 Be7 6. Be2 O-O 7. Nf3 c6 8. O-O
dxc4 9. Bxc4 Bg4 10. Qd3 Bxf3 11. gxf3 Nbd7 12. Qf5 Nb6 13. Bd3 Qd7 14. Qxd7
Nbxd7 15. Kh1 Nb6 16. Bg5 Nfd5 17. Bxe7 Nxe7 18. Rae1 Rfe8 19. Re4 Ned5 20. Rfe1
Nf6 21. Rxe8+ Rxe8 22. Rxe8+ Nxe8 23. Ne4 Nd5 24. a3 h6 25. Kg1 b6 26. Ba6 Nec7
27. Bb7 Ne7 28. Nd6 Ne6 29. Nc8 Nxc8 30. Bxc8 Nxd4 31. Kg2 Kf8 32. Kg3 Ke7 33.
Kf4 Kd6 34. Ke3 c5 35. Bb7 f5 36. Kf4 g5+ 37. Ke3 Ke5 38. f4+ gxf4+ 39. Kd3 b5
40. h3 a5 41. Kc3 f3 42. b4 cxb4+ 43. axb4 Ne2+ 44. Kd2 axb4 45. Bxf3 Nf4 46. h4
Nh3 47. Ke3 f4+ 0-1

[Event "AUTO-MASTER-1121"]
[Site "http://www.queenalice.com/game.php?id=778161"]
[Date "2010.5.19"]
[Round "1"]
[White "BEBADO"]
[Black "jalvez"]
[Result "1-0"]
[WhiteElo "2176"]
[BlackElo "2105"]

1. d4 e6 2. c4 d5 3. Nc3 Nf6 4. cxd5 exd5 5. Bg5 c6 6. e3 Be7 7. Qc2 O-O 8. Bd3
h6 9. Bh4 Be6 10. Nf3 Nbd7 11. O-O Qa5 12. a3 Rfe8 13. b4 Qd8 14. Ne5 Nxe5 15.
dxe5 Nd7 16. Bg3 Rc8 17. f4 Nf8 18. f5 Bd7 19. e4 d4 20. Na4 c5 21. bxc5 Bg5 22.
Bc4 Be3+ 23. Kh1 Qa5 24. Bxf7+ Kxf7 25. e6+ Ke7 26. Bh4+ Bg5 27. Bxg5+ hxg5 28.
exd7 Nxd7 29. Qc4 Nxc5 30. Qxd4 Qxa4 31. Qxg7+ Kd6 32. Rfd1+ Kc6 33. Qf6+ Kb5
34. Rab1+ Ka5 35. Qc3+ Ka6 36. Rd4 Qc6 37. Qc4+ b5 38. Rxb5 Qxb5 39. Rd6+ Ka5
40. Qc3+ Ka4 41. Rd4+ 1-0

[Event "QA-ANNIV-06"]
[Site "http://www.queenalice.com/game.php?id=791000"]
[Date "2010.6.16"]
[Round "1"]
[White "pomar"]
[Black "jalvez"]
[Result "0-1"]
[WhiteElo "1974"]
[BlackElo "2149"]

1. f3 e5 2. Kf2 d5 3. e3 f5 4. c4 Nf6 5. cxd5 Qxd5 6. Nc3 Qd8 7. Qb3 c6 8. Bc4
Qc7 9. d4 Bd6 10. Nge2 e4 11. g3 exf3 12. Kxf3 Qe7 13. Rf1 Nbd7 14. Nf4 Nb6 15.
Bd3 g5 16. Ng2 Rf8 17. e4 fxe4+ 18. Ke3 Nfd5+ 19. Nxd5 Nxd5+ 20. Kd2 exd3 21.
Re1 Bb4+ 22. Qxb4 Qxe1+ 23. Nxe1 Rf2+ 24. Kxd3 Nxb4+ 25. Kc4 Nd5 26. Bxg5 Be6
27. Nd3 Rxh2 28. Re1 Nf4+ 29. Kc3 Ne2+ 30. Kd2 Nxg3+ 31. Kd1 Rh1 32. Nc5 Rxe1+
33. Kxe1 Bxa2 34. Nxb7 Kf7 35. Nd6+ Kg6 36. Bf4 Nf5 0-1

[Event "AUTO-MASTER-909"]
[Site "http://www.queenalice.com/game.php?id=795540"]
[Date "2010.6.27"]
[Round "3"]
[White "jalvez"]
[Black "cheleazul"]
[Result "0-1"]
[WhiteElo "2107"]
[BlackElo "2468"]

1. e4 c5 2. Nf3 d6 3. d4 cxd4 4. Nxd4 Nf6 5. Nc3 a6 6. f3 e5 7. Nb3 Be6 8. Be3
Nbd7 9. Qd2 b5 10. a3 h5 0-1

[Event "AUTO-MASTER-909"]
[Site "http://www.queenalice.com/game.php?id=795543"]
[Date "2010.6.27"]
[Round "3"]
[White "jalvez"]
[Black "bugiaitoc"]
[Result "0-1"]
[WhiteElo "2077"]
[BlackElo "2161"]

1. e4 c5 2. Nf3 Nc6 3. d4 cxd4 4. Nxd4 Nf6 5. Nc3 e5 6. Nb3 Bb4 7. Bg5 Qc7 8.
Bxf6 Bxc3+ 9. bxc3 gxf6 10. Qd2 O-O 11. O-O-O a5 12. Kb2 Qb6 13. a4 d6 14. Qxd6
Be6 15. Qc5 Qc7 16. Bb5 Rac8 17. Rd3 Ne7 18. Qxc7 Rxc7 19. Nxa5 Ra8 20. Rhd1
Rxa5 0-1

[Event "AUTO-MASTER-909"]
[Site "http://www.queenalice.com/game.php?id=795544"]
[Date "2010.6.27"]
[Round "3"]
[White "bugiaitoc"]
[Black "jalvez"]
[Result "1-0"]
[WhiteElo "2170"]
[BlackElo "2064"]

1. e4 c5 2. Nf3 Nc6 3. d4 cxd4 4. Nxd4 Nf6 5. Nc3 e6 6. Bg5 Qa5 7. Bxf6 gxf6 8.
Nb3 Qg5 9. Qd2 a6 10. O-O-O Qxd2+ 11. Nxd2 b5 12. Bd3 Bh6 13. Rhe1 Ne5 14. Kb1
Nxd3 15. cxd3 Bb7 16. Nb3 O-O-O 17. Nc5 d6 18. Nxb7 Kxb7 19. Re2 Bf4 20. g3 Bh6
21. f4 Kb6 22. Rf1 Rc8 23. Nd1 Rc6 24. Ne3 Rhc8 25. Rc2 Rxc2 26. Nxc2 Rc7 27. f5
Kc5 28. fxe6 fxe6 29. Rxf6 1-0

[Event "AUTO-OPEN-1637"]
[Site "http://www.queenalice.com/game.php?id=796263"]
[Date "2010.6.28"]
[Round "2"]
[White "jalvez"]
[Black "gipmachado"]
[Result "0-1"]
[WhiteElo "2103"]
[BlackElo "1841"]

1. e4 e5 2. Nf3 Nc6 3. Bb5 a6 4. Bxc6 dxc6 5. d4 exd4 6. Qxd4 Qxd4 7. Nxd4 Bd7
8. Nc3 O-O-O 9. O-O Bd6 10. Be3 Nf6 11. f3 Bb4 12. Nce2 Rhe8 13. c3 Bc5 14. Bf2
Bb6 15. Rfd1 h5 16. Nb3 g5 17. Bxb6 cxb6 18. Rd2 g4 19. Rad1 Kc7 20. Kf2 c5 21.
Nf4 h4 22. Nd5+ Nxd5 23. Rxd5 gxf3 24. gxf3 h3 25. e5 Rg8 26. Rg1 Rxg1 27. Kxg1
Rg8+ 28. Kh1 Bc6 29. c4 Bxd5 30. cxd5 Rg2 31. f4 Rxb2 32. Kg1 Rxa2 33. f5 Rg2+
34. Kh1 Rb2 0-1

[Event "AUTO-OPEN-1637"]
[Site "http://www.queenalice.com/game.php?id=796264"]
[Date "2010.6.28"]
[Round "2"]
[White "gipmachado"]
[Black "jalvez"]
[Result "0-1"]
[WhiteElo "1610"]
[BlackElo "2071"]

1. e4 c5 2. Nf3 Nc6 3. d4 cxd4 4. Nxd4 Nf6 5. Nc3 e6 6. a3 a6 7. Be2 d5 8. exd5
exd5 9. O-O Be7 10. Re1 O-O 11. Bg5 h6 12. Bh4 Bc5 13. Nb3 Be7 14. Nd4 Be6 15.
Nxe6 fxe6 16. Bf3 Qc8 17. Bg3 Qd7 18. Qd3 Rae8 19. Re2 Bd6 20. Rae1 Bxg3 21.
fxg3 Nd8 22. Rd2 Qf7 23. Ne2 e5 24. Bxd5 Nxd5 25. Qxd5 Ne6 26. Qf3 Qc7 27. Qe3
Ng5 28. Nc3 Qa5 29. Rd5 Qc7 30. Rxe5 Rxe5 31. Qxe5 Qb6+ 32. Kh1 Qf2 33. Rg1 Qxc2
34. Nd5 Kh7 35. Nf4 Rf5 36. Qd6 Rf6 37. Qd4 Ne4 38. Rf1 Rd6 39. Qe3 Rd2 40. h4
Rd1 41. Rxd1 Qxd1+ 42. Kh2 Qb1 43. h5 Nf6 44. Qd3+ Qxd3 0-1

[Event "yo_soy_lo_mejor"]
[Site "http://www.queenalice.com/game.php?id=856713"]
[Date "2010.11.9"]
[Round "3"]
[White "Ditto"]
[Black "jalvez"]
[Result "0-1"]
[WhiteElo "1693"]
[BlackElo "2062"]

1. d4 d5 2. c4 dxc4 3. Nf3 b6 4. Nc3 Bb7 5. e4 e6 6. Bf4 Nf6 7. e5 Be7 8. a3 Nd5
9. Bxc4 Nxf4 10. Bb5+ c6 11. Ba4 O-O 12. Qd2 Nd5 13. Nxd5 exd5 14. O-O Na6 15.
Bc2 c5 16. Rfe1 c4 17. Qf4 h6 18. Qf5 g6 19. Qf4 Kg7 20. e6 fxe6 21. Qe5+ Bf6
22. Qg3 Qe8 23. Nh4 Bxh4 24. Qxh4 Rf6 25. Re3 Qf7 26. f3 Re8 27. f4 Rxf4 28. Qg3
Nc7 29. Rd1 Rf8 30. Ree1 Bc8 31. Qe3 Qf6 32. Qg3 Ne8 33. Qc3 Nd6 34. Qg3 Ne4 35.
Bxe4 dxe4 36. Qe3 Bb7 37. Qg3 Bd5 38. Qc3 Rf2 39. a4 e3 40. Qxe3 Rxg2+ 41. Kh1
Re2+ 42. Kg1 Rxe3 43. Rxe3 Qf2# 0-1